[Event "Miedzywojewodzkie Mistrzostwa Juniorow O"]
[Site "Pokrzywna"]
[Date "2025.??.??"]
[Round "5.3"]
[White "Smolinska, Katarzyna"]
[Black "Sokola, Julia"]
[Result "0-1"]
[WhiteElo "1462"]
[BlackElo "1419"]
[PlyCount "148"]
[EventDate "2025.??.??"]

{[%evp 0,122,16,28,27,-16,55,50,55,31,31,27,21,45,59,16,11,21,30,34,39,-1,48,
-52,34,11,50,-22,-10,23,125,61,78,61,165,126,126,96,96,76,76,43,43,46,50,47,55,
54,57,28,86,5,114,1,109,90,132,129,127,110,129,129,147,119,120,93,145,141,141,
97,98,92,93,62,72,-10,-10,-46,-38,-77,-83,-80,-80,-74,-77,-77,-68,-116,-81,-81,
-81,-114,-113,-140,-131,-182,-174,-175,-129,-174,-43,-43,0,-11,65,-71,-71,-62,
-59,-67,-64,-64,-64,-64,0,-31,-27,-58,-53,-53,-53,-53,0,0,0]} 1. d4 Nf6 2. c4
g6 3. Nc3 Bg7 4. e4 d6 5. Nf3 O-O 6. Be2 Nbd7 7. Be3 b6 8. O-O Bb7 9. Qc2 e5
10. Rfd1 Qe7 11. Rd2 c6 12. Rad1 Rad8 13. a3 Ng4 14. Bg5 Ngf6 15. dxe5 dxe5 16.
Rd3 c5 17. Qd2 Bc6 18. Bxf6 Bxf6 19. Rd6 Nb8 20. Rxd8 Rxd8 21. Qxd8+ Qxd8 22.
Rxd8+ Bxd8 23. Nxe5 Bb7 24. f4 Bc7 25. g3 Kg7 26. Kf2 f6 27. Nf3 a6 28. Ke3 Nc6
29. h4 h6 30. Nd5 Bd8 31. g4 Bc8 32. f5 g5 33. h5 Bd7 34. a4 Na5 35. Nc3 Bc7
36. Nd2 Bc6 37. Kf3 Bf4 38. Ndb1 Bc1 39. Bd3 Bxb2 40. Ke2 Nb3 41. Kd1 Nd4 42.
Kd2 Kf7 43. Ke3 Bc1+ 44. Kf2 Bf4 45. Ke1 Nf3+ 46. Ke2 Ne5 47. Nd2 Nxg4 48. Nd5
Bxd5 49. cxd5 a5 50. Nc4 Bc7 51. d6 Bd8 52. Bb1 Ke8 53. Kf3 Ne5+ 54. Nxe5 fxe5
55. Bd3 Kd7 56. Bb5+ Kc8 57. d7+ Kc7 58. Ke3 Kd6 59. Kd3 Ke7 60. Kc4 Kf6 61.
Kd5 g4 62. Kc6 g3 63. Kb7 g2 64. Kc8 Be7 65. d8=Q Bxd8 66. Kxd8 g1=Q 67. Kd7
Qd4+ 68. Kc7 Qxe4 69. Kc8 Qxf5+ 70. Kd8 Qxh5 71. Kd7 Qf7+ 72. Kd8 Qd5+ 73. Ke8
Qd6 74. Bd7 Qe7# 0-1

[Event "Miedzywojewodzkie Mistrzostwa Juniorow O"]
[Site "Pokrzywna"]
[Date "2025.??.??"]
[Round "5.4"]
[White "Tempich, Wiktoria"]
[Black "Bednarczuk, Alicja"]
[Result "1/2-1/2"]
[WhiteElo "1515"]
[BlackElo "1410"]
[PlyCount "60"]
[EventDate "2025.??.??"]

1. c4 c5 2. Nc3 g6 3. g3 Bg7 4. Bg2 Nc6 5. Nf3 d6 6. d3 Qd7 7. Bd2 b6 8. a3 Bb7
9. e3 Nh6 10. Qe2 O-O 11. O-O f5 12. h3 Nf7 13. Rab1 Nce5 14. Kh2 Nxf3+ 15.
Bxf3 Ne5 16. Bxb7 Qxb7 17. f4 Nc6 18. Qf3 e6 19. b4 Qd7 20. b5 Ne7 21. a4 a5
22. Rbd1 d5 23. cxd5 Nxd5 24. Nxd5 exd5 25. Rfe1 Rfe8 26. Kg2 Rad8 27. Qf2 Qb7
28. Qf3 Qd7 29. h4 h5 30. Bc1 Qe6 1/2-1/2

[Event "Miedzywojewodzkie Mistrzostwa Juniorow O"]
[Site "Pokrzywna"]
[Date "2025.??.??"]
[Round "6.1"]
[White "Sokola, Julia"]
[Black "Tempich, Wiktoria"]
[Result "0-1"]
[WhiteElo "1419"]
[BlackElo "1515"]
[PlyCount "124"]
[EventDate "2025.??.??"]

{[%evp 0,101,16,28,25,25,11,-2,28,4,33,33,33,33,34,34,61,-21,-21,-12,47,11,15,
1,-21,-63,92,63,36,-22,-37,-111,-125,-134,-111,-135,-33,-3,40,4,76,-44,-38,
-106,344,344,568,0,0,-62,-61,-52,-2,-180,-191,-171,-191,-361,-385,-433,-385,
-520,-567,-592,-592,-683,-683,-710,-710,-760,-558,-579,-593,-618,-618,-596,
-577,-581,-568,-580,-563,-596,-563,-578,-563,-563,-563,-571,-581,-594,-592,
-610,-621,-670,-629,-663,-629,-651,-673,-692,-720,-1282,-1051,-1496]} 1. e4 e5
2. Nf3 Nc6 3. Bb5 Nf6 4. O-O Nxe4 5. Re1 Nd6 6. Nxe5 Nxe5 7. Rxe5+ Be7 8. Ba4
O-O 9. Nc3 a6 10. d4 Bf6 11. Re3 Nf5 12. Rh3 Bg5 13. Qh5 h6 14. f4 g6 15. Qg4
Bf6 16. Bb3 Bxd4+ 17. Kh1 Qf6 18. Nd5 Qg7 19. c3 Bb6 20. Bc2 d6 21. Bxf5 gxf5
22. Qh4 Kh8 23. Rg3 Bf2 24. Be3 Bxg3 25. hxg3 f6 26. Nxf6 c5 27. Nh5 Qg4 28.
Qh2 Kh7 29. Re1 Bd7 30. Bf2 Rae8 31. Rxe8 Bxe8 32. Nf6+ Rxf6 33. b4 Qd1+ 34.
Bg1 Qh5 35. Qxh5 Bxh5 36. bxc5 dxc5 37. Bxc5 Rc6 38. Bd4 Rc4 39. a3 b5 40. Kg1
a5 41. Be5 b4 42. cxb4 axb4 43. axb4 Rxb4 44. Kh2 Ra4 45. Bd6 Ra2 46. Kh1 Kg6
47. Be5 Bd1 48. Kg1 Bb3 49. Bd4 Bd5 50. Bf2 Kh5 51. Kf1 Ra1+ 52. Be1 Bxg2+ 53.
Kxg2 Rxe1 54. Kf2 Ra1 55. Kg2 Kg4 56. Kh2 Ra2+ 57. Kg1 Kxg3 58. Kf1 h5 59. Ke1
h4 60. Kf1 h3 61. Ke1 h2 62. Kf1 h1=Q# 0-1

[Event "Miedzywojewodzkie Mistrzostwa Juniorow O"]
[Site "Pokrzywna"]
[Date "2025.??.??"]
[Round "6.3"]
[White "Nowara, Hanna"]
[Black "Podolecka, Maria"]
[Result "1-0"]
[WhiteElo "1439"]
[BlackElo "1485"]
[PlyCount "121"]
[EventDate "2025.??.??"]

{[%evp 0,121,41,35,58,4,13,3,68,50,74,77,77,55,95,104,73,47,42,38,38,26,28,-11,
-9,-19,10,20,50,77,77,49,96,95,224,208,238,238,236,301,286,211,492,497,500,288,
288,249,258,160,280,294,341,150,361,-31,-34,-34,211,204,203,227,241,238,245,
197,511,503,498,506,564,564,564,520,559,555,585,595,598,598,598,608,608,582,
576,617,677,665,665,673,694,694,694,656,694,677,677,648,686,662,696,688,784,
820,766,832,925,726,784,801,875,830,950,845,1372,1049,1182,1135,1968,2114,
29981,2099,29989,29990]} 1. e4 c5 2. c3 Nc6 3. d4 d6 4. Nf3 cxd4 5. cxd4 Nf6 6.
Nc3 g6 7. Bg5 Bg7 8. Bb5 O-O 9. O-O Bg4 10. Be2 Bxf3 11. Bxf3 Qb6 12. Be3 Qxb2
13. Qe1 Qb4 14. Rb1 Qa5 15. Rxb7 Rab8 16. Rxb8 Rxb8 17. e5 dxe5 18. Bxc6 Rc8
19. d5 e6 20. Bd2 exd5 21. Nxd5 Qd8 22. Nxf6+ Bxf6 23. Be4 Rc4 24. Qe2 Ra4 25.
Bc3 Qd6 26. Rd1 Qa3 27. Qc2 Rc4 28. Bb2 Rxc2 29. Bxa3 Rxa2 30. Bc5 Kg7 31. h3
Ra5 32. Rd5 a6 33. Bf8+ Kxf8 34. Rxa5 Ke7 35. Rxa6 Bg5 36. g3 Kd7 37. Bd5 Ke7
38. Ra7+ Kd6 39. Bxf7 Kc5 40. Ra5+ Kd4 41. Rd5+ Ke4 42. Kg2 Bf6 43. f3+ Ke3 44.
Rd6 Bg7 45. Bc4 e4 46. Re6 Kd4 47. Rxe4+ Kc3 48. Be2 Kd2 49. Ba6 Kc3 50. Re7
Bh6 51. Rxh7 Be3 52. Rd7 Kb4 53. Rc7 Ka5 54. Bd3 Kb6 55. Rc2 Kb7 56. f4 Bb6 57.
Bxg6 Ka8 58. f5 Ba7 59. f6 Bb8 60. Rd2 Ka7 61. f7 1-0

[Event "Miedzywojewodzkie Mistrzostwa Juniorow O"]
[Site "Pokrzywna"]
[Date "2025.??.??"]
[Round "6.4"]
[White "Staszczyszyn, Marta"]
[Black "Krotava, Palina"]
[Result "0-1"]
[WhiteElo "1527"]
[BlackElo "1651"]
[PlyCount "160"]
[EventDate "2025.??.??"]

{[%evp 0,160,16,28,81,74,71,49,39,28,79,68,69,65,74,77,76,57,68,68,67,69,99,93,
115,-435,-435,-435,-327,-435,-95,-435,-59,-59,-59,-295,-79,-82,-88,-88,-113,
-127,-151,-142,-172,-167,-171,-91,-84,-141,-144,-146,-154,-193,-75,-263,-270,
-433,-433,-749,-644,-652,-535,-538,-538,-550,-177,-196,-176,-321,-200,-321,
-237,-245,-200,-321,-154,-166,-181,-195,-166,-196,-196,-196,-192,-215,-189,
-276,-276,-276,-299,-352,-270,-431,-382,-337,-350,-403,-326,-350,-334,-325,
-325,-377,-274,-337,-340,-510,-510,-513,-513,-491,-517,-577,-577,-577,-587,
-587,-587,-587,-609,-693,-632,-692,-656,-802,-840,-800,-835,-1469,-1429,-886,
-1211,-1605,-1380,-1775,-1196,-929,-1024,-1697,-1832,-2033,-2033,-28175,-29978,
-29985,-29986,-29985,-29986,-29987,-29988,-29989,-29990,-29991,-29990,-29991,
-29992,-29995,-29996,-29997,-29998,-29999,-30000]} 1. d4 f5 2. Nf3 Nf6 3. e3 e6
4. c4 c6 5. Nc3 d5 6. Be2 Bd6 7. O-O O-O 8. c5 Bc7 9. b4 a6 10. a4 Ne4 11. Bb2
Rf6 12. Ne1 Bxh2+ 13. Kh1 Rh6 14. Nf3 Bc7+ 15. Kg1 Qe8 16. Ne5 Qe7 17. Nxe4
fxe4 18. g3 Nd7 19. Ng4 Rg6 20. Ne5 Nxe5 21. dxe5 Qg5 22. Qd4 Rh6 23. Kg2 Bd7
24. Rh1 Rf8 25. Rxh6 Qxh6 26. Rh1 Qg6 27. Rh5 Qf7 28. Qd2 Qxf2+ 29. Kh3 Be8 30.
Rh4 Bd8 31. Rf4 Rxf4 32. exf4 Qg1 33. Bg4 Bf7 34. Bd4 Qf1+ 35. Qg2 Qc4 36. Qd2
Qf1+ 37. Qg2 Qxg2+ 38. Kxg2 h5 39. Be2 Kh7 40. b5 axb5 41. axb5 Kg6 42. bxc6
bxc6 43. Ba6 Kf5 44. Bc8 Be8 45. Kh3 Ba5 46. Kg2 Bd2 47. Kf2 Bc1 48. Ke2 Ba3
49. Kf2 Bb4 50. Ke2 Ba5 51. Kf2 Bd8 52. Bc3 g5 53. Bd4 gxf4 54. gxf4 Bh4+ 55.
Kg2 Be1 56. Be3 Bc3 57. Ba6 d4 58. Bf2 Kxf4 59. Bg3+ Kf5 60. Be2 Bb4 61. Kf1
Bxc5 62. Ke1 d3 63. Bd1 Bd4 64. Bf2 Bxf2+ 65. Kxf2 Kxe5 66. Ke3 Bg6 67. Ba4 c5
68. Bb3 Bf5 69. Bd1 h4 70. Kf2 Kd4 71. Bh5 c4 72. Bd1 c3 73. Ke1 c2 74. Bxc2
dxc2 75. Kd2 e3+ 76. Kc1 e2 77. Kd2 h3 78. Kxe2 c1=Q 79. Kf2 Qe3+ 80. Kf1 Bd3#
0-1

[Event "Miedzywojewodzkie Mistrzostwa Juniorow O"]
[Site "Pokrzywna"]
[Date "2025.??.??"]
[Round "7.1"]
[White "Podolecka, Maria"]
[Black "Staszczyszyn, Marta"]
[Result "0-1"]
[WhiteElo "1485"]
[BlackElo "1527"]
[PlyCount "120"]
[EventDate "2025.??.??"]

{[%evp 0,110,19,-12,-20,-8,3,3,-12,-31,26,38,32,2,6,-11,0,-18,-14,-14,-14,-16,
-20,-50,-18,-52,-51,-48,-45,-51,-57,-70,-55,-49,-51,-78,-54,-76,-30,-23,-6,-8,
-8,-8,0,-40,-42,-50,-60,-90,-74,-74,-88,-88,-67,-86,-73,-81,-74,-112,-104,-106,
0,-140,-148,-146,-133,-144,-108,-176,-190,-203,-210,-227,-253,-238,-237,-246,
-208,-239,-239,-238,-238,-386,-349,-491,-352,-536,-536,-516,-537,-571,-577,
-577,-577,-598,-582,-590,-684,-720,-816,-888,-490,-499,-499,-856,-893,-1059,
-1040,-1323,-1422,-28762,-1076]} 1. c4 e5 2. Nc3 Nf6 3. Nf3 Nc6 4. g3 g6 5. Bg2
Bg7 6. d3 d6 7. O-O O-O 8. Bg5 h6 9. Bxf6 Qxf6 10. Nd5 Qd8 11. e4 Ne7 12. Nxe7+
Qxe7 13. Qd2 Be6 14. Rab1 a5 15. a4 Kh7 16. b3 c6 17. Rfd1 Rfd8 18. Qc2 Rac8
19. d4 exd4 20. Nxd4 Bg4 21. Bf3 Bd7 22. Ne2 d5 23. exd5 Bf5 24. Qa2 Bxb1 25.
Qxb1 cxd5 26. cxd5 Qf6 27. Kg2 b6 28. Qe4 Re8 29. Qf4 Qxf4 30. Nxf4 Rc3 31. Rd3
Rxd3 32. Nxd3 Kg8 33. b4 Bc3 34. b5 Kf8 35. Kh3 Ke7 36. Kg4 Rc8 37. Bd1 Rc4+
38. Kf3 Rd4 39. Ke3 Rxd5 40. Bb3 Rd7 41. Nf4 Bd2+ 42. Ke4 Bxf4 43. Kxf4 Rd3 44.
Bc2 Rd2 45. Bb3 Rxf2+ 46. Ke5 Rxh2 47. Kd5 Rh3 48. Kc6 Rxg3 49. Bd1 Rd3 50. Be2
Rd4 51. Kxb6 Rxa4 52. Ka7 Rb4 53. b6 a4 54. b7 a3 55. Bc4 h5 56. b8=Q Rxb8 57.
Kxb8 h4 58. Kc7 h3 59. Kc6 h2 60. Bd5 a2 0-1

[Event "Miedzywojewodzkie Mistrzostwa Juniorow O"]
[Site "Pokrzywna"]
[Date "2025.??.??"]
[Round "7.2"]
[White "Smolinska, Katarzyna"]
[Black "Nowara, Hanna"]
[Result "0-1"]
[WhiteElo "1462"]
[BlackElo "1439"]
[PlyCount "94"]
[EventDate "2025.??.??"]

{[%evp 0,94,16,28,56,32,27,33,89,63,87,77,77,69,88,90,64,30,48,41,41,47,42,58,
129,93,136,99,173,219,237,138,138,138,159,137,164,140,150,166,219,181,267,98,
104,60,133,79,79,106,122,114,122,15,15,-207,-214,-214,-212,-256,-258,-327,-327,
-327,-323,-329,-282,-307,-307,-306,-321,-330,-320,-343,-333,-341,-343,-366,
-369,-430,-432,-688,-728,-776,-672,-752,-752,-965,-1081,-1269,-1308,-1208,
-1316,-1639,-1509,-2606,-2606]} 1. d4 c6 2. c4 e6 3. Nf3 f5 4. g3 Nf6 5. Bg2 d5
6. O-O Bd6 7. Nc3 O-O 8. Qc2 Nbd7 9. cxd5 exd5 10. Qxf5 Ne5 11. Qc2 Ng6 12. Bd2
Bd7 13. Rfe1 Re8 14. e4 dxe4 15. Nxe4 Nxe4 16. Rxe4 Rf8 17. Re2 Qb6 18. Rae1
Bg4 19. Qc3 Rac8 20. Re3 c5 21. Qb3+ Qxb3 22. axb3 b6 23. dxc5 Bxc5 24. Rd3
Rcd8 25. Rxd8 Rxd8 26. Bg5 Rf8 27. Be3 Bxf3 28. Bxc5 bxc5 29. Bxf3 Rxf3 30. Re3
Rxe3 31. fxe3 Ne5 32. Kf1 Nd3 33. Ke2 Nc1+ 34. Kd2 Nxb3+ 35. Kc3 Na5 36. b4
cxb4+ 37. Kxb4 Nc6+ 38. Kc5 Ne5 39. Kd5 Ng4 40. e4 Nxh2 41. e5 Ng4 42. e6 Nf6+
43. Kd6 Kf8 44. e7+ Ke8 45. Ke6 a5 46. Kd6 a4 47. Ke6 a3 0-1

[Event "Miedzywojewodzkie Mistrzostwa Juniorow O"]
[Site "Pokrzywna"]
[Date "2025.??.??"]
[Round "7.4"]
[White "Bednarczuk, Alicja"]
[Black "Sokola, Julia"]
[Result "1-0"]
[WhiteElo "1410"]
[BlackElo "1419"]
[PlyCount "75"]
[EventDate "2025.??.??"]

{[%evp 0,75,19,9,42,19,85,63,46,3,36,-24,-10,-4,6,-25,15,-10,20,28,64,-35,5,
-20,3,-91,-33,-121,-45,-153,-60,-118,-121,-124,-113,-207,-63,-68,-61,-86,-10,
-67,-25,-19,-13,-30,64,61,284,266,463,501,864,864,864,390,507,425,423,341,341,
341,368,357,427,500,543,543,865,543,635,549,29995,29996,29997,29998,29999,
-30000]} 1. d4 Nf6 2. Nc3 g6 3. Bf4 Bg7 4. Qd2 d6 5. Bh6 O-O 6. Bxg7 Kxg7 7.
O-O-O Nbd7 8. h4 h5 9. e4 e5 10. d5 a6 11. f3 b5 12. g4 b4 13. Nb1 a5 14. Bg2
Rb8 15. gxh5 Nxh5 16. Ne2 a4 17. f4 b3 18. cxb3 axb3 19. a3 Ndf6 20. f5 Qe8 21.
Nbc3 Ba6 22. Rhg1 Kh7 23. Bf3 Ng7 24. Qg5 Rg8 25. Qxf6 Rd8 26. fxg6+ fxg6 27.
Qg5 Rd7 28. Rh1 Nh5 29. Bxh5 gxh5 30. Qf5+ Kh8 31. Rhg1 Re7 32. Rxg8+ Kxg8 33.
Rg1+ Kh8 34. Rg5 Bxe2 35. Nxe2 Qd7 36. Qf8+ Kh7 37. Qg8+ Kh6 38. Qg6# 1-0

[Event "Miedzywojewodzkie Mistrzostwa Juniorow O"]
[Site "Pokrzywna"]
[Date "2025.??.??"]
[Round "8.2"]
[White "Nowara, Hanna"]
[Black "Tempich, Wiktoria"]
[Result "0-1"]
[WhiteElo "1439"]
[BlackElo "1515"]
[PlyCount "160"]
[EventDate "2025.??.??"]

{[%evp 0,134,20,20,65,64,88,74,82,85,74,71,74,54,17,43,51,2,26,26,20,-15,45,11,
64,50,59,54,48,49,63,43,45,36,51,35,76,41,65,68,108,92,96,67,114,50,70,45,112,
65,53,37,51,-9,0,-16,-14,-38,-12,-18,-18,-18,0,-42,-72,-72,-72,-72,-12,-25,-20,
-31,-9,-144,-144,-144,-134,-132,-127,-139,-127,-137,-145,-206,-212,-212,-212,
-209,-209,-209,-207,-265,-202,-201,-188,-202,-189,-197,-216,-216,-233,-233,
-233,-267,-263,-307,-256,-296,-284,-307,-299,-316,-298,-321,-295,-338,-326,
-353,-328,-331,-336,-318,-329,-351,-376,-391,-391,-391,-391,-413,-385,-390,
-398,-564,-520,-943,-511]} 1. e4 g6 2. d4 d6 3. Nf3 Nf6 4. Nc3 Bg7 5. Bc4 O-O
6. O-O Nxe4 7. Nxe4 d5 8. Bxd5 Qxd5 9. Nc3 Qd8 10. Bf4 a6 11. h3 c6 12. Qd2 Nd7
13. Rfe1 Nf6 14. Rad1 Re8 15. a3 Be6 16. Ng5 Bd5 17. Nxd5 Nxd5 18. Bg3 Qd7 19.
c4 Nb6 20. b3 Rad8 21. Nf3 e6 22. Qf4 h6 23. Qc7 Na8 24. Qxd7 Rxd7 25. Rd2 Red8
26. c5 Rc8 27. Be5 Nc7 28. Bxc7 Rdxc7 29. Ne5 Rd8 30. Red1 Rd5 31. Re1 Rc8 32.
f4 Rcd8 33. Red1 Bf6 34. Rd3 Kg7 35. g3 Be7 36. Nf3 Bxc5 37. b4 Be7 38. Kg2 Bf6
39. Ne5 Bxe5 40. fxe5 a5 41. h4 axb4 42. axb4 Rb5 43. Kf3 Rxb4 44. Ke3 Rd5 45.
g4 Rdb5 46. Kf4 Rb3 47. R1d2 Kf8 48. g5 h5 49. Ke4 Rxd3 50. Rxd3 Rb1 51. Kf4
Ke7 52. Rf3 Rc1 53. Rd3 Rc4 54. Kg3 b5 55. Kf3 Rc1 56. Kg3 b4 57. Rd2 Rc4 58.
Kf3 c5 59. dxc5 Rxc5 60. Rb2 Rb5 61. Ke4 b3 62. Kd4 Kd7 63. Kc3 Kc6 64. Kd4 Rb7
65. Kc3 Kc5 66. Rb1 b2 67. Kc2 Kd4 68. Rxb2 Rxb2+ 69. Kxb2 Kxe5 70. Kc3 Kf4 71.
Kd3 Kg4 72. Ke4 Kxh4 73. Kf4 e5+ 74. Kxe5 Kxg5 75. Kd6 h4 76. Ke7 h3 77. Kxf7
h2 78. Kf8 h1=Q 79. Kg8 Qb7 80. Kh8 Kh6 0-1

[Event "Miedzywojewodzkie Mistrzostwa Juniorow O"]
[Site "Pokrzywna"]
[Date "2025.??.??"]
[Round "8.3"]
[White "Staszczyszyn, Marta"]
[Black "Smolinska, Katarzyna"]
[Result "1/2-1/2"]
[WhiteElo "1527"]
[BlackElo "1462"]
[PlyCount "99"]
[EventDate "2025.??.??"]

1. d4 d5 2. Nf3 Nf6 3. e3 c5 4. b3 cxd4 5. exd4 Nc6 6. Bb2 Bg4 7. Be2 e6 8. h3
Bh5 9. Nbd2 Bd6 10. O-O O-O 11. Ne5 Bxe2 12. Qxe2 Rc8 13. c3 Qb6 14. Ndf3 Rc7
15. Nxc6 Rxc6 16. Ne5 Rc7 17. Rac1 Rfc8 18. c4 Qa6 19. a4 h6 20. Qe3 b6 21.
Rfd1 Be7 22. Qf3 Bb4 23. cxd5 exd5 24. Rxc7 Rxc7 25. Rc1 Rxc1+ 26. Bxc1 Qc8 27.
Qe3 Qe6 28. Nd3 Qxe3 29. fxe3 Bd6 30. Kf2 Kf8 31. Ke2 Ke7 32. Bd2 Ke6 33. Bb4
Bxb4 34. Nxb4 Kd6 35. Nd3 Ne4 36. Ne5 Ke6 37. Nc6 a5 38. Na7 Kd7 39. Nb5 Kc6
40. Kd3 f5 41. Na3 g5 42. Nc2 g4 43. hxg4 fxg4 44. Ne1 h5 45. Ke2 h4 46. Nd3
Kd6 47. Ne5 Nf6 48. Nf7+ Ke6 49. Ne5 Kf5 50. Nd3 1/2-1/2

[Event "Miedzywojewodzkie Mistrzostwa Juniorow O"]
[Site "Pokrzywna"]
[Date "2025.??.??"]
[Round "8.4"]
[White "2, Palina"]
[Black "Podolecka, Maria"]
[Result "1-0"]
[WhiteElo "1651"]
[BlackElo "1485"]
[PlyCount "167"]
[EventDate "2025.??.??"]

1. e4 c5 2. Be2 Nc6 3. f4 g6 4. Nf3 Bg7 5. d3 e6 6. O-O Nge7 7. Qe1 O-O 8. Qh4
d5 9. Ng5 h6 10. Nf3 dxe4 11. dxe4 Nd4 12. Bd1 Nxf3+ 13. Bxf3 Nc6 14. Qxd8 Rxd8
15. c3 b6 16. e5 Bb7 17. Na3 Rd7 18. Nb5 Bf8 19. Be3 a6 20. Na3 b5 21. Nc2 Rc8
22. a4 c4 23. axb5 axb5 24. Bb6 Nb8 25. Bxb7 Rxb7 26. Bd4 Nc6 27. Kh1 b4 28.
Rfd1 b3 29. Ne3 Nb8 30. Ra4 Rbc7 31. Ba7 Nd7 32. g3 Bc5 33. Bxc5 Nxc5 34. Rxc4
Na6 35. Rxc7 Nxc7 36. Rd4 Rb8 37. Rd7 Na6 38. Nc4 Nc5 39. Rd4 Ra8 40. Na3 Na4
41. Nc4 Nc5 42. Kg2 Kf8 43. Rd6 Ke7 44. Rc6 Nd3 45. Rb6 Rc8 46. Nd6 Rc7 47.
Rxb3 Nc5 48. Rb8 Na4 49. Re8+ Kd7 50. Rb8 Kc6 51. Rb4 Nb6 52. Kh3 Nd5 53. Rc4+
Kd7 54. Rxc7+ Kxc7 55. Nxf7 h5 56. Ng5 Kd7 57. Ne4 Kc6 58. Kh4 Kb5 59. Ng5 Nc7
60. b3 Kc5 61. Ne4+ Kd5 62. Nf6+ Kc5 63. Kg5 Nb5 64. c4 Nd4 65. Kxg6 Nxb3 66.
Nxh5 Kxc4 67. Ng7 Kd5 68. h4 Nd4 69. h5 Ne2 70. h6 Nxg3 71. h7 Ne2 72. Nh5 Ke4
73. h8=Q Nxf4+ 74. Nxf4 Kxf4 75. Kf6 Kg4 76. Qg7+ Kf4 77. Qg5+ Ke4 78. Kxe6 Kd4
79. Kd6 Kc4 80. e6 Kd4 81. e7 Kd3 82. e8=Q Kd4 83. Qee3+ Kc4 84. Qgc5# 1-0